000 05214 a2200457 4500
001 23803629
003 0000
005 20251016114122.0
008 240729s2025 flu b 001 0 eng
010 _a 2024034543
020 _a9781032313801
035 _a23803629
040 _aDNLM/DLC
_beng
_erda
_cDLC
_dDLC
042 _apcc
050 0 0 _aR8 55.3
060 0 0 _aW 26.55.A7
082 0 0 _a610.285
_223/eng/20241112
100 _4Adetunji Charles Oluwaseaun
245 0 0 _aHealth technologies and informatics :
_bresearch and developments /
_cedited by Charles Oluwaseun Adetunji, Segun Fatumo, and Kingsley Nnanna Ukwaja.
250 _aFirst edition.
263 _a2501
264 1 _aBoca Raton, FL :
_bCRC Press,
_c2025.
300 _axiv, 193 pages
336 _atext
_btxt
_2rdacontent
337 _aunmediated
_bn
_2rdamedia
338 _avolume
_bnc
_2rdacarrier
490 _aIndex
504 _aIncludes bibliographical references and index.
505 0 _aRelevant application of machine learning in the management of COVID / Tosin Comfort Olayinka, Adebayo Olusola Adetunmbi, Akinola Samson Olayinka, Charles Oluwaseun Adetunji, Onyijen Ojei Harrison, and Okanlawon Taiwo Stephen -- Application of artificial intelligence in the handling of COVID-19 / Igiku Victory, Charles Oluwaseun Adetunji, Akinola Samson Olayinka. Olugbemi T. Olaniyan, Juliana Bunmi Adetunji, Tosin Comfort Olayinka, Aishatu Idris Habib, Olorunsola Adeyomoye, Oluwafemi Adebayo Oyewole, and Eniola K. I. T -- Emerging technologies that are relevant in protecting health data and easy communication between patients and health care providers / Olorunsola Adeyomoye, Charles O. Adetunji, Olugbemi T. Olaniyan, Juliana Bunmi Adetunji, Akinola Samson Olayinka, Oluwafemi Adebayo Oyewole, and Eniola K. I. T. -- Prediction of pandemic and epidemic outbreak / Olugbemi T. Olaniyan, Charles O. Adetunji, and Olorunsola Adeyomoye -- Artificial intelligence and deep learning in treatment of diseases using bioinformatics / Frank Abimbola Ogundolie, Michael O. Okpara, Tolulope Peter Saliu, Charles Oluwaseun Adetunji, and Adedeji Olufemi Adetunji -- Personalized and public health systems / Etta, Hannah Edim -- Application of artificial intelligence in dentistry and orthodontics / Igiku Victory, Charles Oluwaseun Adetunji, Akinola Samson Olayinka, Olugbemi T. Olaniyan, Juliana Bunmi Adetunji, Tosin Comfort Olayinka, Aishatu Idris Habib, Olorunsola Adeyomoye, Oluwafemi Adebayo Oyewole, and Eniola K. I. T. -- Artificial intelligence and deep learning process and drug discovery / Olotu Titilayo and Charles Oluwasun Adetunji -- Clinical trials in health informatics / Ogundolie Frank Abimbola, Ale Oluwabusolami, Akinmoju Olumide Damilola, and Onotu Roseline Ohunene -- Smart care and its advantages on biomedical technologies and health informatics / Nyejirime Young Wike, Charles Oluwaseun Adetunji, Olugbemi T. Olaniyan, Juliana Bunmi Adetunji, Oluwafemi Adebayo Oyewole, and Eniola K. I. T. -- Role of artificial intelligence and machine learning in the identification diagnose and disease conditions and their role in monitoring of health epidemics / Abdulrahmon A. Olagunju -- Recent advances in the personalized medicine and their key role in public health systems / Ogundolie Frank Abimbola, Ale Oluwabusolami, and Akinmoju Olumide Damilola -- IoT-driven and the role of robotic technology in health care / Akinola Samson Olayinka, Tosin Comfort Olayinka, Charles Oluwaseun Adetunji, Clement Atachegbe Onate, Olusanmi Ebenezer Odeyemi, Onyijen Ojei Harrison, Oluwakemi Mary Odeyemi, Oluwafemi Adebayo Oyewole, and Eniola K. I. T. -- The role of 5G in healthcare centres towards the provision of health care / Akinola Samson Olayinka, Onyijen Ojei Harrison, Tosin Comfort Olayinka, Charles Oluwaseun Adetunji, Clement Atachegbe Onate, Olusanmi Ebenezer Odeyemi, Oluwafemi Adebayo Oyewole, and Eniola K. I. T..
520 _a"Health Technologies and Informatics: Research and Developments provides a comprehensive overview of mobile health applications, biodata management and analytics, medical imaging, personalized and public health systems, and biosignal processing. With a focus on medical informatics, which has been identified as a necessity relating to health challenges relevant to the current pandemic, this book highlights engineering applications and methodologies involved in data evaluations. Detailed information is provided on diseases which could be monitored and necessary intervention for the treatment of these diseases or medical conditions. This book is aimed at researchers and graduate students in biomedical and computer engineering"--
_cProvided by publisher.
650 1 2 _aMedical Informatics Applications
650 1 2 _aArtificial Intelligence
650 2 2 _aTelemedicine
700 1 _aAdetunji, Charles Oluwaseun,
_eeditor.
700 1 _aFatumo, Segun,
_eeditor.
700 1 _aUkwaja, Kingsley Nnanna,
_eeditor.
776 0 8 _iOnline version:
_tHealth technologies and informatics
_bFirst edition.
_dBoca Raton, FL : CRC Press, 2025
_z9781003309468
_w(DLC) 2024034544
906 _a7
_bcbc
_corignew
_d1
_eecip
_f20
_gy-gencatlg
942 _2lcc
_cBK
999 _c43784
_d43784